000 00728nas a2200253 4500
001 BR9508331
003 BR-BrBNA
005 20231205095458.0
007 ta
008 230509b bl.|||p| |||| 00| 00por d
040 _aBR-BrBNA
_bpor
_cBiblioteca Nacional de Agricultura
041 _a(Pt)
072 _aE12
100 1 _aGasques, J.G.
100 1 _aValentini, R.
100 1 _aMartin, M.A.
100 1 _aJunqueira, A.A.B.
245 1 _aA forca de trabalho volante na agricultura paulista
650 _aMao-de-Obra
650 _aSao Paulo
773 0 _tAgricultura em Sao Paulo (Brazil)
_xISSN 0044-6793
_g(1977), v. 24(1-2) p. 83-94
_wBR9508331
909 _a202311
_bLúcia
_c55
_dLúcia Elande
942 _2AGRIS
_n0
_cANA
999 _c150940
_d150940